000
00287nam a22001337a 4500
008
170810b xxu||||| |||| 00| 0 eng d
020
_a
9780841234628
041
_a
eng
080
_a
004
100
_a
35
101
_a
SHKI
245
_a
THE ACS STYLE GUIDE
_c
DODD, S
942
_2
udc
_c
BK
999
_c
23125
_d
23125